Ročné zúčtovanie preddavkov na daň z príjmov zo závislej činnosti za rok 2000

Vykonanie ročného zúčtovania preddavkov na daň z príjmov zo závislej činnosti a funkčných požitkov v nových podmienkach roku 2000. Priblíženie najdôležitejších informácií a zmien pre zamestnávateľov.

Salvato in:
Dettagli Bibliografici
Autore principale: Piršelová, Dagmar
Natura: Capitolo di libro
Lingua:slovacco
Soggetti:
Tags: Aggiungi Tag
Nessun Tag, puoi essere il primo ad aggiungerne!!

MARC

LEADER 00000naa a2200000 4500
001 r040710
005 20231003084257.0
041 0 |a slo 
044 |a SK 
245 1 0 |a Ročné zúčtovanie preddavkov na daň z príjmov zo závislej činnosti za rok 2000  |c Dagmar Piršelová 
520 |a Vykonanie ročného zúčtovania preddavkov na daň z príjmov zo závislej činnosti a funkčných požitkov v nových podmienkach roku 2000. Priblíženie najdôležitejších informácií a zmien pre zamestnávateľov. 
610 2 0 |a preddavky 
610 2 0 |a dane z príjmov 
610 2 0 |a zamestnanci 
610 2 0 |a zamestnávatelia 
610 2 0 |a 2000 
100 1 |a Piršelová, Dagmar